LEADER 01000nam0-2200337---450- 001 990004722710403321 005 20091130130231.0 010 $a88-221-1244-X 035 $a000472271 035 $aFED01000472271 035 $a(Aleph)000472271FED01 035 $a000472271 100 $a19990604d1993----km-y0itay50------ba 101 0 $aita 102 $aIT 105 $ay---a---001yy 200 1 $aRagazzi difficili$epedagogia interpretativa e linee di intervento$fPiero Bertolini, Letizia Caronia 210 $aScandicci (Fi)$cLa Nuova Italia$d1993 215 $aX, 245 p.$d21 cm 225 1 $aEducatori antichi e moderni$v510 610 0 $aRagazzi disadattati$aEducazione 676 $a370.21$vita 700 1$aBertolini,$bPiero$0120318 701 1$aCaronia,$bLetizia$0143780 801 0$aIT$bUNINA$gRICA$2UNIMARC 901 $aBK 912 $a990004722710403321 952 $aP.1 PSV 418$bBibl. 21366$fFLFBC 959 $aFLFBC 996 $aRagazzi difficili$9557725 997 $aUNINA